01682cam a22004214i 4500003000900000005001700009008004100026020001500067020001800082035002000100040003300120082002200153100002800175245013900203264005000342300004300392336002100435337002500456338002300481504003900504505037200543526001000915526001000925526001000935526001000945526000800955526000800963526000800971526000800979526000800987526000800995526000801003600004301011600004201054650003601096700003801132700009001170PE-LiUPU20250731172901.0170111s2013 xxu rb 000 0 eng d a0758635265 a9780758635266 a(Sirsi) a165975 aPE-LiUPUbspacPE-LiUPUerda04a284.1092bK832231 aKroker, Ernst.,eautor.14aThe Mother of the Reformation :bthe amazing life and story of Katharine Luther /cby Ernst Kroker ; translated by Mark E. DeGarmeaux. 1aSt. LouisbConcordia Publishing House,c2013. aaxii, 275 páginas ;c21 centimetros atext2rdacontent aunmediated2rdamedia avolume2rdacarrier aBibliografía :páginas 273-275.0 aLippendorf, Brehna, Nimbschen -- From Nimbschen to Wittenberg -- In Master Reichenbach's house -- Katie enters the Black Cloister -- The Morning Star of Wittenberg -- Children and child-rearing -- Members of the household -- Friends and guests -- Luther's death -- In poverty -- From Wittenberg to Torgau -- Voices of contemporaries and opinions of later generations. aSEG42 aSEG41 aSEG40 aSEG39 aP94 aP87 aP86 aP85 aP77 aP76 aP3514aLutero, Katharina von Borad1499-1552.14aLutero, Martínd1483-1546xFamilia.14aReformazAlemaniavBiografía.1 aDeGarmeaux, Mark E.,etranslator.1 aTranslation of.aKroker, Ernst,d1859-1927.tKatharina von Bora, Martin Luthers Frau.